000 02089cam a22004814i 4500
003 PE-LiUPU
005 20250731172732.0
008 150617s1970 sp r 000 0 spa d
035 _a(Sirsi) a11524
040 _aPE-LiUPU
_bspa
_cPE-LiUPU
_erda
049 _aPRUA
082 0 4 _a234.163
_bS31
_221
100 1 _aSchillebeeckx, E.,
_eO. P.,
_eautor.
245 1 3 _aLa presencia de Cristo en la Eucaristía.
_n2 /
_cE. Schillebeeckx.
264 1 _aMadrid :
_bEdiciones Fax,
_c1970.
300 _a198 páginas ;
_c20 centímetros
336 _atext
_2rdacontent
337 _aunmediated
_2rdamedia
338 _avolume
_2rdacarrier
505 0 _aLa visión dogmática del tridentino: Trasfondo general -- El texto dogmático: origen, desarrollo y redacción final -- Reflexión hermenéutica -- El concepto de sustancia: tradición eclesial e interpretación aristotélica -- Planteamiento del problema: ¿Qué es la realidad? -- Nueva interpretación de la formulación de fe: Factores que han conducido a un nuevo acercamiento al problema -- El nuevo punto de partida para la interpretación de la presencia eucarística -- La presencia real específicamente eucarística.
526 _aSEG42
526 _aSEG41
526 _aSEG40
526 _aSEG39
526 _aP94
526 _aP87
526 _aP86
526 _aP85
526 _aP77
526 _aP76
526 _aP35
650 0 4 _aTransubstanciación.
650 0 4 _aCena del Señor
_xIglesia Católica.
650 0 4 _aCena del Señor
_xPresencia real.
700 1 _aRuiz-Garrido, Constantino,
_etraductor.
910 _ajck
_bjvq
_cjck
_d20150616
942 _2ddc
_cBOOK
949 _a234.163 S31 2
_wDEWEY
_c1
_i14175
_lCCODEBUL1
_mBUL
_p12.00
_r0
_sY
_tBOOK
_u19751009
_xTEOLOGIA
_PP35
_0COMPRA
_o.STAFF. Colección Teología
994 _aC0
_bPEPRU
596 _a1
999 _a234.163 S31 2
_wDEWEY
_c1683
_i14175
_d1683
_e2016-11-24
_f2021-11-10
_g5
_lCCODEBUL1
_mBUL
_n6
_p12.00
_r0
_sY
_tBOOK
_u2015-6-17
_xTEOLOGIA
_PP35
_0COMPRA
_o.STAFF. Colección Teología
980 _81
_gALBERTO SANCHEZ Responsable de Automatización